000
00312 a2200145 4500
001
164567
020
_a
040
_c
Magnum
100
_a
Fasciani, Isaura Caminhas
240
1
0
_a
Memorias de um espantalho
_l
por
245
1
0
_a
Memorias de um espantalho
362
0
_a
1899
697
_a
J/GERAL
942
_c
BK
999
_c
164567
_d
164567